Music Quiz

Random Music or Billboard Quiz

Awesome Hits of 1980-81 Quiz Stats

 Plays Quiz not verified by Sporcle

Challenge
Share
Tweet
Score 0/60 Timer 15:00
0 Plays Today
Song Artist % Correct
Another One Bites The DustQueen
93.8%
9 To 5Dolly Parton
92.6%
It's Still Rock And Roll To MeBilly Joel
91.8%
Jessie's GirlRick Springfield
87.8%
XanaduOlivia Newton-John/Electric Light Orchestra
87.1%
The Tide Is HighBlondie
84.7%
Hit Me With Your Best ShotPat Benatar
83.9%
Kiss On My ListDaryl Hall And John Oates
81.3%
De Do Do Do, De Da Da DaThe Police
78.5%
Keep On Loving YouREO Speedwagon
78.5%
SailingChristopher Cross
77.7%
Angel Of The MorningJuice Newton
77.6%
All Out Of LoveAir Supply
77.1%
RefugeeTom Petty And The Heartbreakers
76.3%
Against The WindBob Seger
75.2%
Hungry HeartBruce Springsteen
72.5%
The Best Of TimesStyx
71.6%
LadyKenny Rogers
70.7%
(Just Like) Starting OverJohn Lennon
69.1%
You Better You BetThe Who
64.3%
Morning Train (Nine To Five)Sheena Easton
64%
She's Out Of My LifeMichael Jackson
63.5%
Love On The RocksNeil Diamond
61.6%
I Love A Rainy NightEddie Rabbitt
60.7%
I Can't Tell You WhyEagles
58.4%
The Winner Takes It AllABBA
57.8%
I'm AlrightKenny Loggins
56.5%
Hey NineteenSteely Dan
54%
The StrokeBilly Squier
50.4%
Lady (You Bring Me Up)The Commodores
49.8%
Song Artist % Correct
Ain't Even Done With The NightJohn Cougar
46.2%
PassionRod Stewart
44%
I Missed AgainPhil Collins
42.6%
Too HotKool And The Gang
42.3%
GuiltyBarbra Streisand And Barry Gibb
42%
While You See A ChanceSteve Winwood
41%
Same Old Lang SyneDan Fogelberg
39.5%
I Made It Through The RainBarry Manilow
37.7%
Hurt So BadLinda Ronstadt
36.1%
Being With YouSmokey Robinson
35.3%
Boy From New York CityThe Manhattan Transfer
34.6%
Stars On 45Stars On 45
34.6%
I Can't Stand ItEric Clapton And His Band
34.4%
The WandererDonna Summer
30.8%
Cupid/I've Loved You For A Long TimeSpinners
29.7%
Games People PlayAlan Parsons Project
28.8%
Her Town TooJames Taylor And J.D. Souther
28.4%
More Than I Can SayLeo Sayer
28.3%
Theme From 'Greatest American Hero' (Believe It Or Not)Joey Scarbury
27.6%
WinningSantana
25.1%
I Ain't Gonna Stand For ItStevie Wonder
23.6%
SukiyakiA Taste Of Honey
23.3%
A Woman Needs Love
(Just Like You Do)
Ray Jr. Parker And Raydio
21.3%
Tell It Like It IsHeart
20.8%
CryingDon McLean
20.3%
This Little GirlGary U.S. Bonds
15.3%
Miss SunBoz Scaggs
13.2%
DreamingCliff Richard
13.1%
Giving It Up For Your LoveDelbert McClinton
11.6%
Everybody's Got To Learn SometimeThe Korgis
8.8%

You're not logged in!

Compare scores with friends on all Sporcle quizzes.
Join for Free
OR
Log In

You Might Also Like...

Show Comments

Extras

Top Quizzes Today


Score Distribution

Your Account Isn't Verified!

In order to create a playlist on Sporcle, you need to verify the email address you used during registration. Go to your Sporcle Settings to finish the process.

Report this User

Report this user for behavior that violates our Community Guidelines.

Details: